书目信息 |
| 题名: |
里根传
|
|
| 作者: | 高新涛 编著 | |
| 分册: | ||
| 出版信息: | 长春 吉林出版集团有限责任公司 2011 |
|
| 页数: | 281页 | |
| 开本: | 24cm | |
| 丛书名: | ||
| 单 册: | ||
| 中图分类: | K837.127=6 , K837.12 | |
| 科图分类: | ||
| 主题词: | ||
| 电子资源: | ||
| ISBN: | 978-7-5463-5795-9 | |
| 000 | 00857nam0 2200253 450 | |
| 001 | 2370017067 | |
| 005 | 20231129030934.52 | |
| 010 | @a978-7-5463-5795-9@dCNY59.80 | |
| 100 | @a20130127d2011 em y0chiy50 ea | |
| 101 | 0 | @achi |
| 102 | @aCN@b220000 | |
| 105 | @aa z 000yb | |
| 200 | 1 | @a里根传@Ali gen zhuan@dBiography of Reagan@f高新涛编著@zeng |
| 210 | @a长春@c吉林出版集团有限责任公司@d2011 | |
| 215 | @a281页@c图@d24cm | |
| 330 | @a本书让你了解一个真实而富传奇色彩的罗纳德·里根,更会给你展示美国社会、政治、文化背景下纷纭变幻的成功人生历程。 | |
| 510 | 1 | @aBiography of Reagan@zeng |
| 600 | 0 | @a里根@c(Reagan, Ronald@f1911-2004)@x传记 |
| 600 | 0 | @a里根@c(Reagan, Ronald@f1911-2004) |
| 690 | @aK837.127=6@v5 | |
| 690 | @aK837.12@v4 | |
| 701 | 0 | @a高新涛@Agao xin tao@4编著 |
| 801 | 0 | @aCN@b91MARC@c20130904 |
| 905 | @aZUCC@dK837.12@e73 | |
| 里根传=Biography of Reagan/高新涛编著.-长春:吉林出版集团有限责任公司,2011 |
| 281页:图;24cm |
| ISBN 978-7-5463-5795-9:CNY59.80 |
| 本书让你了解一个真实而富传奇色彩的罗纳德·里根,更会给你展示美国社会、政治、文化背景下纷纭变幻的成功人生历程。 |
| ● |
| 相关链接 |
|
|
|
正题名:里根传
索取号:K837.12/73
 
预约/预借
| 序号 | 登录号 | 条形码 | 馆藏地/架位号 | 状态 | 备注 |
| 1 | 2001006910 | 2001006910 | 第四书库/四30架B面4层3列/ [索取号:K837.12/73] | 在馆 | |
| 2 | 2001006911 | 2001006911 | 第四书库/四30架B面4层3列/ [索取号:K837.12/73] | 在馆 | |
| 3 | 2001006912 | 2001006912 | 第四书库/四30架B面4层3列/ [索取号:K837.12/73] | 在馆 | |
| 4 | 2001006913 | 2001006913 | 第四书库/四30架B面4层3列/ [索取号:K837.12/73] | 在馆 | |
| 5 | 2001006914 | 2001006914 | 第四书库/四30架B面4层3列/ [索取号:K837.12/73] | 在馆 | |
| 6 | 2001006915 | 2001006915 | 第四书库/四30架B面4层3列/ [索取号:K837.12/73] | 在馆 |